[Event "Junior Online 4NCL Division 5"]
[Site "online"]
[Date "2020.05.21"]
[Round "6.57"]
[White "Howell, Lewis"]
[Black "Prashanth, Shashank"]
[Result "0-1"]
[WhiteElo "653"]
[BlackElo "880"]
[PlyCount "76"]
[EventDate "2020.05.21"]
[WhiteTeam "PSE Panthers"]
[BlackTeam "Leicestershire Juniors 6"]

1. e4 e5 2. Nf3 Nc6 3. Nc3 Bc5 4. Bb5 Nce7 5. d3 c6 6. Bc4 Nf6 7. Be3 Bb6 8.
Bxb6 Qxb6 9. Na4 Qc7 10. O-O b5 11. Nc3 bxc4 12. dxc4 Ba6 13. b3 O-O 14. Ng5 h6
15. Nf3 Rad8 16. Ne1 d5 17. exd5 cxd5 18. cxd5 Bxf1 19. Kxf1 Qxc3 20. d6 Nf5
21. g4 Nxd6 22. g5 Nde4 23. gxf6 Rxd1 24. Rxd1 Nxf6 25. Rd3 Qa1 26. c4 Qxa2 27.
c5 Qa5 28. c6 Rc8 29. Rd6 Qb4 30. Rxf6 gxf6 31. c7 Rxc7 32. Nd3 Qxb3 33. Nxe5
fxe5 34. Kg1 f5 35. Kf1 Qb2 36. Kg1 Rg7+ 37. Kf1 e4 38. Ke1 Rg1# 0-1

[Event "Junior Online 4NCL Division 5"]
[Site "online"]
[Date "2020.05.21"]
[Round "6.58"]
[White "Harper, Lauren"]
[Black "Yeadon, William"]
[Result "1/2-1/2"]
[WhiteElo "767"]
[BlackElo "525"]
[PlyCount "86"]
[EventDate "2020.05.21"]
[WhiteTeam "Leicestershire Juniors 6"]
[BlackTeam "PSE Panthers"]

1. e4 d5 2. Nf3 dxe4 3. Ng5 f6 4. Nxe4 Bf5 5. Nec3 e5 6. d3 Bb4 7. Be3 Bxc3+ 8.
bxc3 e4 9. dxe4 Qxd1+ 10. Kxd1 Bxe4 11. f3 Bd5 12. Na3 Ne7 13. Bb5+ c6 14. Ba4
b5 15. Bb3 Bxb3 16. cxb3 Nf5 17. Bd2 Nd7 18. Kc2 Nc5 19. Rhe1+ Ne7 20. g4 Kf7
21. b4 Na4 22. Kb3 Nb6 23. Rad1 Rad8 24. Rf1 Ned5 25. c4 Nxc4 26. Kc2 Nxa3+ 27.
Kb3 Nc4 28. Bf4 Nxf4 29. Rxd8 Rxd8 30. Rd1 Rxd1 31. Kc2 Rd2+ 32. Kc3 Rxa2 33.
Kd4 Rxh2 34. Ke4 g5 35. Kf5 Rb2 36. Ke4 Rxb4 37. Kd4 Nb2+ 38. Kc3 a5 39. Kc2 a4
40. Kb1 Nc4+ 41. Kc1 a3 42. Kd1 a2 43. Kc2 a1=Q 1/2-1/2

[Event "Junior Online 4NCL Division 5"]
[Site "online"]
[Date "2020.05.21"]
[Round "6.59"]
[White "Lombardo, Martino"]
[Black "Lewis, Iolo"]
[Result "1-0"]
[WhiteElo "917"]
[BlackElo "694"]
[PlyCount "55"]
[EventDate "2020.05.21"]
[WhiteTeam "Leicestershire Juniors 6"]
[BlackTeam "PSE Panthers"]

1. Nc3 d5 2. d4 Nf6 3. Bf4 Nc6 4. Nb5 e5 5. dxe5 Ne4 6. e6 Bd6 7. exf7+ Kxf7 8.
Bxd6 cxd6 9. Nh3 Bxh3 10. Qxd5+ Be6 11. Qxe4 a6 12. Nd4 Nxd4 13. Qxd4 Qa5+ 14.
c3 d5 15. e3 Rhd8 16. Bd3 g5 17. Bxh7 Rh8 18. Bd3 Rad8 19. O-O g4 20. g3 b5 21.
a3 Qa4 22. Qxa4 bxa4 23. Bxa6 Ra8 24. Bb7 Ra7 25. Bc6 d4 26. exd4 Kf6 27. Rfe1
Bc4 28. Re4 1-0

[Event "Junior Online 4NCL Division 5"]
[Site "online"]
[Date "2020.05.21"]
[Round "6.61"]
[White "Prashanth, Shashank"]
[Black "Howell, Lewis"]
[Result "1-0"]
[WhiteElo "880"]
[BlackElo "653"]
[PlyCount "61"]
[EventDate "2020.05.21"]
[WhiteTeam "Leicestershire Juniors 6"]
[BlackTeam "PSE Panthers"]

1. e4 e5 2. Nf3 Nf6 3. Nc3 Nc6 4. Bc4 Bb4 5. Qe2 Bxc3 6. bxc3 Na5 7. Nxe5 Nxc4
8. Qxc4 Qe7 9. Nf3 Qxe4+ 10. Qxe4+ Nxe4 11. O-O d5 12. Re1 Bg4 13. Nd4 O-O-O
14. f3 Bf5 15. Nxf5 Ng5 16. d4 Rde8 17. Bxg5 Rxe1+ 18. Rxe1 f6 19. Bd2 g6 20.
Ne7+ Kd7 21. Nxd5 c6 22. Nxf6+ Kd8 23. Bg5 Kc7 24. Ne8+ Kd7 25. Re7+ Kd8 26.
Rxh7+ Kxe8 27. Rxh8+ Kf7 28. Ra8 a6 29. c4 b5 30. cxb5 axb5 31. Ra6 1-0

[Event "Junior Online 4NCL Division 5"]
[Site "online"]
[Date "2020.05.21"]
[Round "6.62"]
[White "Yeadon, William"]
[Black "Harper, Lauren"]
[Result "1-0"]
[WhiteElo "525"]
[BlackElo "767"]
[PlyCount "53"]
[EventDate "2020.05.21"]
[WhiteTeam "PSE Panthers"]
[BlackTeam "Leicestershire Juniors 6"]

1. e4 e5 2. Bc4 Nf6 3. Bd3 Nc6 4. Nf3 d6 5. Bb5 Bg4 6. Bxc6+ bxc6 7. h3 Bxf3 8.
Qxf3 Be7 9. Nc3 O-O 10. O-O Rb8 11. d3 Rb5 12. Nxb5 cxb5 13. Bg5 Kh8 14. Bxf6
Bxf6 15. c4 Re8 16. cxb5 Qd7 17. a4 Bg5 18. h4 Bxh4 19. g3 Bg5 20. Rad1 Bh6 21.
d4 exd4 22. Rxd4 Re6 23. Qg4 d5 24. exd5 Re7 25. Qxd7 Rxd7 26. Re1 a6 27. Re8#
1-0

[Event "Junior Online 4NCL Division 5"]
[Site "online"]
[Date "2020.05.21"]
[Round "6.66"]
[White "Kula, Michal"]
[Black "Bhattacharjee, Aaditya"]
[Result "1-0"]
[WhiteElo "850"]
[BlackElo "250"]
[PlyCount "59"]
[EventDate "2020.05.21"]
[WhiteTeam "Blue Foxes 1"]
[BlackTeam "East Kilbride Rooks"]

1. e4 e5 2. Nf3 Nc6 3. Ng5 Nf6 4. Bc4 d5 5. exd5 Na5 6. d3 Bb4+ 7. c3 Bc5 8. d6
O-O 9. Qf3 Qxd6 10. b4 Bd4 11. cxd4 Nc6 12. g4 exd4 13. Ne4 Nxe4 14. Qxe4 Qxb4+
15. Nd2 Bd7 16. Rb1 Qc5 17. Nb3 Qg5 18. Nxd4 Qh4 19. Nxc6 Rfe8 20. Ne5 Ba4 21.
g5 Qxg5 22. Bxg5 a6 23. Bxf7+ Kf8 24. Bxe8 Rxe8 25. Nd7+ Kf7 26. Ne5+ Kf8 27.
f4 c6 28. Qb4+ c5 29. Qxa4 b6 30. Qc6 1-0

[Event "Junior Online 4NCL Division 5"]
[Site "online"]
[Date "2020.05.21"]
[Round "6.67"]
[White "Vinodh, Sampriti"]
[Black "Das, Aman"]
[Result "0-1"]
[WhiteElo "200"]
[BlackElo "850"]
[PlyCount "40"]
[EventDate "2020.05.21"]
[WhiteTeam "East Kilbride Rooks"]
[BlackTeam "Blue Foxes 1"]

1. e4 e5 2. Nc3 Bb4 3. Nf3 Bxc3 4. bxc3 Nf6 5. Nxe5 Nxe4 6. Nd3 Nc6 7. Be2 O-O
8. O-O Qe8 9. Bf3 d5 10. Nc5 Nxc5 11. Bxd5 Ne5 12. Bf3 Qb5 13. Re1 Bg4 14. Bxg4
Nxg4 15. Qxg4 Na4 16. Ba3 Nb2 17. Bxf8 Kxf8 18. Re3 Na4 19. Rf3 Qb2 20. Qf4
Qxa1# 0-1

[Event "Junior Online 4NCL Division 5"]
[Site "online"]
[Date "2020.05.21"]
[Round "6.68"]
[White "Polyzos, Apostolos"]
[Black "Vusikala, Tarun"]
[Result "1/2-1/2"]
[WhiteElo "850"]
[BlackElo "103"]
[PlyCount "118"]
[EventDate "2020.05.21"]
[WhiteTeam "Blue Foxes 1"]
[BlackTeam "East Kilbride Rooks"]

1. e4 c5 2. Nc3 Nf6 3. Nf3 Nc6 4. Bb5 a6 5. Bc4 b5 6. Be2 e5 7. O-O b4 8. Na4
Qa5 9. b3 d5 10. exd5 Nxd5 11. h3 Bd7 12. Bc4 Be6 13. Re1 Bd6 14. d3 O-O 15.
Bb2 Nc3 16. Nxc3 bxc3 17. Bc1 Bxc4 18. dxc4 Rab8 19. Qxd6 Rfc8 20. Nxe5 Nxe5
21. Rxe5 Rd8 22. Qc6 h6 23. Re1 Rb6 24. Qf3 Rb4 25. Re7 Rf8 26. Qxc3 Ra4 27.
Qxa5 Rxa5 28. Bb2 Rd8 29. Rae1 Rd2 30. Bc3 Rxc2 31. Bxa5 Rxa2 32. Bc3 Ra3 33.
Re8+ Kh7 34. g4 Rxb3 35. Bd2 Rxh3 36. R1e5 f6 37. Rxc5 Rh4 38. Be3 Rxg4+ 39.
Kf1 g5 40. Re7+ Kg6 41. f3 Rh4 42. Ra5 Rxc4 43. Rxa6 Rc3 44. Rae6 Kf5 45. Rd6
h5 46. Rd5+ Kg6 47. Re8 g4 48. fxg4 hxg4 49. Rg8+ Kf7 50. Rxg4 Rxe3 51. Rd7+
Ke6 52. Rd8 f5 53. Rg6+ Ke5 54. Re8+ Kf4 55. Rd8 Ke4 56. Re8+ Kf3 57. Rxe3+
Kxe3 58. Rf6 f4 59. Rxf4 Kxf4 1/2-1/2

[Event "Junior Online 4NCL Division 5"]
[Site "online"]
[Date "2020.05.21"]
[Round "6.69"]
[White "Das, Anish"]
[Black "Biswas, Snigdha"]
[Result "0-1"]
[WhiteElo "887"]
[BlackElo "300"]
[PlyCount "50"]
[EventDate "2020.05.21"]
[WhiteTeam "Blue Foxes 1"]
[BlackTeam "East Kilbride Rooks"]

1. e4 e5 2. Nf3 Nc6 3. Bc4 Bc5 4. Nc3 Nf6 5. O-O O-O 6. d3 d6 7. Bg5 h6 8. Bxf6
Qxf6 9. Nd5 Qd8 10. Qd2 Bb4 11. c3 Bc5 12. b4 Bb6 13. Rad1 a5 14. d4 axb4 15.
cxb4 Be6 16. dxe5 dxe5 17. Nxb6 Qxd2 18. Rxd2 Rae8 19. Nd7 Bxd7 20. Rxd7 Nxb4
21. Nxe5 Rxe5 22. Rfd1 Rxe4 23. Bxf7+ Rxf7 24. Rd8+ Kh7 25. R1d7 Re1# 0-1

[Event "Junior Online 4NCL Division 5"]
[Site "online"]
[Date "2020.05.21"]
[Round "6.70"]
[White "Bhattacharjee, Aaditya"]
[Black "Kula, Michal"]
[Result "0-1"]
[WhiteElo "250"]
[BlackElo "850"]
[PlyCount "156"]
[EventDate "2020.05.21"]
[WhiteTeam "East Kilbride Rooks"]
[BlackTeam "Blue Foxes 1"]

1. e4 e5 2. Nf3 Nc6 3. Bc4 f6 4. O-O a6 5. Bb3 Nd4 6. c3 Nxb3 7. axb3 d6 8. Nh4
h5 9. Ng6 Bg4 10. Qe1 Rh6 11. Nxf8 Kxf8 12. d4 exd4 13. cxd4 Qd7 14. Bxh6 Nxh6
15. Nc3 Be6 16. d5 Bf7 17. Ra2 Re8 18. Ra4 Nf5 19. Ne2 Nh6 20. Ng3 f5 21. Qc1
fxe4 22. Nxe4 Qe7 23. Qc2 Qe5 24. g3 Qxd5 25. Rd1 Qe5 26. Re1 Bg6 27. Re2 d5
28. Nc5 Bxc2 29. Rxe5 Rxe5 30. Nd7+ Ke7 31. Nxe5 Bxb3 32. Rb4 Bc2 33. Rd4 Ke6
34. Nf3 Nf5 35. Rd2 Be4 36. Ng5+ Kf6 37. Nxe4+ dxe4 38. Rd5 c6 39. Rd8 b5 40.
Rf8+ Ke5 41. f4+ Ke6 42. Re8+ Kf6 43. Rc8 Nd4 44. Rf8+ Kg6 45. Kf2 e3+ 46. Kxe3
Nc2+ 47. Kd2 Nb4 48. f5+ Kg5 49. Rf7 g6 50. f6 Nd5 51. h4+ Kf5 52. Rc7 Nxc7 53.
f7 Ne6 54. g4+ Kf6 55. gxh5 gxh5 56. f8=B Nxf8 57. b4 Kf5 58. Kc3 Ne6 59. Kd3
Kg4 60. Ke4 Kxh4 61. Ke5 Ng5 62. Kd6 Kg4 63. Kxc6 h4 64. Kb6 h3 65. Kxa6 h2 66.
Kxb5 h1=Q 67. Ka5 Qd5+ 68. b5 Ne4 69. Ka6 Nc5+ 70. Ka5 Qa8+ 71. Kb4 Qa7 72. Kc4
Kf4 73. Kb4 Ke5 74. Kc4 Kd6 75. Kb4 Kd5 76. Kc3 Na4+ 77. Kb4 Nc5 78. Kc3 Qa4
0-1

[Event "Junior Online 4NCL Division 5"]
[Site "online"]
[Date "2020.05.21"]
[Round "6.71"]
[White "Das, Aman"]
[Black "Vinodh, Sampriti"]
[Result "0-1"]
[WhiteElo "850"]
[BlackElo "200"]
[PlyCount "34"]
[EventDate "2020.05.21"]
[WhiteTeam "Blue Foxes 1"]
[BlackTeam "East Kilbride Rooks"]

1. e4 e5 2. Nc3 Bc5 3. Nf3 Nc6 4. Bb5 Nf6 5. Bxc6 bxc6 6. Nxe5 Nxe4 7. Nxe4 O-O
8. Nxc5 Rb8 9. Ncd3 d6 10. Nxc6 Qf6 11. Nxb8 Re8+ 12. Kf1 Bf5 13. Nc5 dxc5 14.
Na6 Qxa6+ 15. Kg1 Qe6 16. d4 Qe1+ 17. Qxe1 Rxe1# 0-1

[Event "Junior Online 4NCL Division 5"]
[Site "online"]
[Date "2020.05.21"]
[Round "6.72"]
[White "Vusikala, Tarun"]
[Black "Polyzos, Apostolos"]
[Result "0-1"]
[WhiteElo "103"]
[BlackElo "850"]
[PlyCount "88"]
[EventDate "2020.05.21"]
[WhiteTeam "East Kilbride Rooks"]
[BlackTeam "Blue Foxes 1"]

1. d4 d5 2. c4 dxc4 3. e3 b5 4. a4 c6 5. axb5 cxb5 6. Qf3 Na6 7. Qxa8 Qc7 8.
Qf3 Nb4 9. Na3 a6 10. Bd2 Nd3+ 11. Bxd3 cxd3 12. Nh3 e6 13. Rc1 Qd8 14. O-O
Bxa3 15. bxa3 f6 16. Qc6+ Bd7 17. Qc7 Nh6 18. Bb4 Nf7 19. Rfd1 e5 20. dxe5 fxe5
21. Rxd3 Qxc7 22. Rxc7 Bf5 23. Rc8+ Bxc8 24. f4 g6 25. fxe5 Nxe5 26. Rd4 Nc6
27. Rd6 Ne7 28. Re6 Bxe6 29. Bxe7 Kxe7 30. Nf4 Rf8 31. Nxe6 Kxe6 32. g3 a5 33.
h4 b4 34. axb4 axb4 35. g4 b3 36. h5 gxh5 37. gxh5 b2 38. Kg2 b1=Q 39. Kg3 Qg1+
40. Kh4 Qxe3 41. Kg4 Qf4+ 42. Kh3 Qf3+ 43. Kh4 Rg8 44. h6 Qg4# 0-1

[Event "Junior Online 4NCL Division 5"]
[Site "online"]
[Date "2020.05.21"]
[Round "6.75"]
[White "Syposz, Iza"]
[Black "Dissanayake, Sathsara"]
[Result "0-1"]
[WhiteElo "1007"]
[BlackElo "850"]
[PlyCount "64"]
[EventDate "2020.05.21"]
[WhiteTeam "Cambridge Chess & Go C"]
[BlackTeam "Blue Foxes 2"]

1. e4 d5 2. Nf3 dxe4 3. Ne5 Qd5 4. Ng4 Bxg4 5. Qxg4 Nf6 6. Qd1 Nc6 7. Bb5 Qxb5
8. d3 exd3 9. cxd3 Qe5+ 10. Kf1 O-O-O 11. Bg5 Qxg5 12. Nc3 Qf5 13. d4 Rxd4 14.
Qb1 Qxb1+ 15. Rxb1 e6 16. Rd1 Rxd1+ 17. Nxd1 Bc5 18. a3 Ne4 19. g3 Rd8 20. Nc3
Nxc3 21. bxc3 Rd1+ 22. Kg2 Rxh1 23. Kxh1 Bxa3 24. Kg2 Bb2 25. c4 a5 26. Kf3 a4
27. Ke2 a3 28. Kd1 a2 29. Kc2 a1=Q 30. Kd3 Ne5+ 31. Ke4 Qe1+ 32. Kf4 Bc1# 0-1

[Event "Junior Online 4NCL Division 5"]
[Site "online"]
[Date "2020.05.21"]
[Round "6.76"]
[White "Dushi, Errol"]
[Black "Jackson, Will"]
[Result "1/2-1/2"]
[WhiteElo "925"]
[BlackElo "850"]
[PlyCount "73"]
[EventDate "2020.05.21"]
[WhiteTeam "Cambridge Chess & Go C"]
[BlackTeam "Blue Foxes 2"]

1. e3 e5 2. b3 Bb4 3. a3 Bc5 4. b4 Bb6 5. a4 a5 6. bxa5 Bxa5 7. Bb2 Nc6 8. Bb5
Nf6 9. Bxc6 bxc6 10. Bxe5 O-O 11. Bxf6 Qxf6 12. Na3 Bb4 13. c3 Bxa3 14. Rxa3 g6
15. a5 c5 16. a6 Bxa6 17. Qa1 d6 18. Rxa6 Rxa6 19. Qxa6 c6 20. Qxc6 Kg7 21. g3
Qe5 22. Nf3 Qe6 23. O-O c4 24. Nd4 Qe5 25. Qxc4 d5 26. Qc5 Ra8 27. f4 Qe4 28.
d3 Qxd3 29. Qxd5 Ra3 30. Qe5+ Kh6 31. Qg5+ Kg7 32. Qc5 Rxc3 33. Qe5+ Kh6 34.
Qg5+ Kg7 35. Qe5+ Kg8 36. Qb8+ Kg7 37. Qe5+ 1/2-1/2

[Event "Junior Online 4NCL Division 5"]
[Site "online"]
[Date "2020.05.21"]
[Round "6.77"]
[White "Gadhia, Sathya"]
[Black "Soni, Raghhav"]
[Result "1-0"]
[WhiteElo "812"]
[BlackElo "925"]
[PlyCount "33"]
[EventDate "2020.05.21"]
[WhiteTeam "Blue Foxes 2"]
[BlackTeam "Cambridge Chess & Go C"]

1. Nf3 e5 2. Nc3 Nc6 3. d3 Nf6 4. e4 Nxe4 5. Nxe4 f5 6. Bg5 fxe4 7. Bxd8 Kxd8
8. dxe4 d6 9. Bb5 a6 10. Bxc6 bxc6 11. O-O Bg4 12. Qe2 Be6 13. Rad1 Bc4 14.
Qxc4 d5 15. exd5 cxd5 16. Qxd5+ Kc8 17. Qxa8# 1-0

[Event "Junior Online 4NCL Division 5"]
[Site "online"]
[Date "2020.05.21"]
[Round "6.78"]
[White "Athukorala, Mayumee"]
[Black "Gadhia, Sai"]
[Result "1-0"]
[WhiteElo "850"]
[BlackElo "775"]
[PlyCount "50"]
[EventDate "2020.05.21"]
[WhiteTeam "Cambridge Chess & Go C"]
[BlackTeam "Blue Foxes 2"]

1. d4 e5 2. e3 d6 3. c3 Nc6 4. Na3 Nf6 5. Ne2 exd4 6. cxd4 Ne4 7. Qc2 Bg4 8.
Qb1 d5 9. Nc3 Na5 10. Nxd5 c5 11. Nc3 cxd4 12. Nxe4 Bb4+ 13. Bd2 Nc4 14. Bxb4
Nxa3 15. Bxa3 b5 16. Bxb5+ Bd7 17. Qd3 f5 18. Ng3 f4 19. exf4 Qa5+ 20. Kf1 Bxb5
21. Rc1 Bxd3+ 22. Kg1 Qd8 23. Nh5 Rc8 24. Nxg7+ Kf7 25. Nh5 Rxc1# 1-0

[Event "Junior Online 4NCL Division 5"]
[Site "online"]
[Date "2020.05.21"]
[Round "6.79"]
[White "Syposz, Iza"]
[Black "Dissanayake, Sathsara"]
[Result "0-1"]
[WhiteElo "1007"]
[BlackElo "850"]
[PlyCount "76"]
[EventDate "2020.05.21"]
[WhiteTeam "Cambridge Chess & Go C"]
[BlackTeam "Blue Foxes 2"]

1. e4 d5 2. exd5 Qxd5 3. Nf3 Qe6+ 4. Be2 Nc6 5. O-O Ne5 6. Nxe5 Qxe5 7. d3 e6
8. Nc3 Bb4 9. a3 Bxc3 10. bxc3 Qxc3 11. Bd2 Qc5 12. c4 Nf6 13. Bg5 h6 14. Bxf6
gxf6 15. Bh5 O-O 16. a4 Kh7 17. h3 e5 18. d4 exd4 19. Rc1 Bf5 20. Bg4 Bxg4 21.
hxg4 Rg8 22. Rb1 b6 23. Qc2+ Kh8 24. Rbe1 Rae8 25. Rxe8 Rxe8 26. Qc1 Re4 27.
Re1 Rxe1+ 28. Qxe1 Qxc4 29. Qe7 Kg7 30. Qe1 Qxa4 31. Qe7 Qd1+ 32. Kh2 Qc2 33.
Qe8 d3 34. Qb8 d2 35. Qxc7 d1=Q 36. Qxa7 Qg6 37. Qxb6 Qgxg4 38. Qc6 Qh4# 0-1

[Event "Junior Online 4NCL Division 5"]
[Site "online"]
[Date "2020.05.21"]
[Round "6.81"]
[White "Gadhia, Sathya"]
[Black "Soni, Raghhav"]
[Result "1-0"]
[WhiteElo "812"]
[BlackElo "925"]
[PlyCount "157"]
[EventDate "2020.05.21"]
[WhiteTeam "Blue Foxes 2"]
[BlackTeam "Cambridge Chess & Go C"]

1. Nf3 d5 2. Nc3 Nf6 3. e4 dxe4 4. Nxe4 Nxe4 5. Bb5+ c6 6. Bxc6+ Bd7 7. Bxd7+
Kxd7 8. Qe2 Ng5 9. Qd3+ Ke8 10. Qxd8+ Kxd8 11. d4 Ne6 12. d5 Nc7 13. d6 exd6
14. O-O g6 15. Bf4 Bg7 16. Bg5+ Kd7 17. Rad1 Bxb2 18. Rfe1 h6 19. Bf4 g5 20.
Bxg5 hxg5 21. Nxg5 f6 22. Nf7 Rf8 23. Rd2 Rxf7 24. Red1 Ne6 25. Rd5 Kc8 26.
Rxd6 Be5 27. R6d2 Kc7 28. f3 Bb2 29. Rd7+ Kc8 30. Rxf7 Nd8 31. Rf8 Nd7 32. Rh8
f5 33. Rd5 Bxh8 34. Rxf5 b5 35. Rxb5 Rb8 36. Rg5 Ra8 37. h4 Bf6 38. Rg6 Nf8 39.
Rxf6 Nd7 40. Rg6 Nf8 41. Rg5 Nde6 42. Rg4 Rb8 43. h5 Rb7 44. h6 Rh7 45. Rg7
Rxh6 46. Rxa7 Kb8 47. Ra4 Nc5 48. Rc4 Nce6 49. Re4 Nc5 50. Re8+ Kc7 51. Rxf8
Ra6 52. Rf5 Kd6 53. c4 Ne6 54. c5+ Kc6 55. a4 Rxa4 56. g3 Nxc5 57. Rf6+ Kb5 58.
f4 Ra3 59. g4 Rg3+ 60. Kf2 Rxg4 61. Kf3 Rg8 62. f5 Ne4 63. Rf7 Rg5 64. Kxe4
Rg4+ 65. Ke5 Rc4 66. f6 Rc8 67. Ke6 Kc6 68. Re7 Rg8 69. Kf7 Rc8 70. Ke6 Rc7 71.
Rxc7+ Kxc7 72. f7 Kd8 73. f8=Q+ Kc7 74. Qd6+ Kb7 75. Qd7+ Kb8 76. Kd6 Ka8 77.
Kc6 Kb8 78. Kb6 Ka8 79. Kc6 1-0

[Event "Junior Online 4NCL Division 5"]
[Site "online"]
[Date "2020.05.21"]
[Round "6.82"]
[White "Gadhia, Sai"]
[Black "Athukorala, Mayumee"]
[Result "1-0"]
[WhiteElo "775"]
[BlackElo "850"]
[PlyCount "141"]
[EventDate "2020.05.21"]
[WhiteTeam "Blue Foxes 2"]
[BlackTeam "Cambridge Chess & Go C"]

1. e4 e5 2. f3 d6 3. f4 f5 4. fxe5 fxe4 5. Qh5+ Kd7 6. Qg4+ Kc6 7. Qxe4+ Kd7 8.
Nf3 Be7 9. Nc3 Nf6 10. Qf5+ Kc6 11. Qg5 Ng8 12. Nd4+ Kb6 13. Na4+ Ka5 14. Qf4
g5 15. Qe4 d5 16. Qf3 Nh6 17. d3 Rf8 18. Qg3 Nf5 19. Qh3 Rf6 20. Qxh7 Rf7 21.
Qxf7 a6 22. Nxf5 Nc6 23. Nxe7 Nxe7 24. Nc5 b6 25. Bxg5 Rb8 26. O-O-O Qd6 27.
Nb3+ Kb5 28. Nd4+ Kc5 29. Bxe7 Be6 30. Qh7 Re8 31. Nf5 Bxf5 32. Re1 Rxe7 33.
Qxf5 Qc6 34. e6 Rxe6 35. Rxe6 Qb7 36. h4 Qb8 37. b4+ Kxb4 38. a3+ Kxa3 39. Be2
Ka2 40. Qxd5+ Ka3 41. Qa5+ bxa5 42. h5 Kb4 43. h6 Kc5 44. Rxa6 Kb5 45. Rg6 Kc5
46. Rh5+ Kb4 47. c3+ Kxc3 48. Rxa5 Qb3 49. Rg7 Qb4 50. h7 Qb8 51. h8=Q Qxh8 52.
Rg3 Qb8 53. Ra3+ Kb4 54. Ra1 Kc5 55. Bf3 Qb4 56. Ra8 Qc4+ 57. Kd2 Qb5 58. Rg5+
Kb6 59. Rxb5+ Kxb5 60. g4 Kb4 61. Ra7 Kb3 62. Rxc7 Kb2 63. g5 Kb1 64. g6 Ka2
65. g7 Ka3 66. g8=Q Ka4 67. Qc4+ Ka3 68. Ra7+ Kb2 69. Rb7+ Ka1 70. Ra7+ Kb1 71.
Qb4# 1-0

[Event "Junior Online 4NCL Division 5"]
[Site "online"]
[Date "2020.05.21"]
[Round "6.85"]
[White "Kedikoglou, Elias"]
[Black "Bhargava, Arnav"]
[Result "0-1"]
[WhiteElo "1277"]
[BlackElo "737"]
[PlyCount "36"]
[EventDate "2020.05.21"]
[WhiteTeam "MCS Niners"]
[BlackTeam "Uxbridge Juniors C"]

1. d4 d5 2. Nc3 e6 3. Nf3 Nf6 4. Bf4 Bb4 5. a3 Bxc3+ 6. bxc3 Nc6 7. e3 Ne4 8.
Bd3 Nxc3 9. Qd2 Ne4 10. Bxe4 dxe4 11. Ne5 Nxe5 12. Bxe5 O-O 13. O-O Qg5 14. f4
Qg6 15. Rab1 Rd8 16. Bxc7 e5 17. dxe5 Rxd2 18. Rbd1 Qxg2# 0-1

[Event "Junior Online 4NCL Division 5"]
[Site "online"]
[Date "2020.05.21"]
[Round "6.86"]
[White "Sundararaju, Ritvik"]
[Black "Yao, Rian"]
[Result "0-1"]
[WhiteElo "737"]
[BlackElo "1150"]
[PlyCount "44"]
[EventDate "2020.05.21"]
[WhiteTeam "Uxbridge Juniors C"]
[BlackTeam "MCS Niners"]

1. d4 Nf6 2. Nf3 e6 3. c4 Be7 4. Nc3 d5 5. e3 O-O 6. Bd3 dxc4 7. Bxc4 c5 8. O-O
a6 9. a4 cxd4 10. Nxd4 Qc7 11. Bd3 Rd8 12. Ne4 Nxe4 13. Bxe4 e5 14. Qc2 Qxc2
15. Nxc2 f5 16. Bf3 Nc6 17. Bxc6 bxc6 18. b3 Be6 19. b4 Bc4 20. Re1 Bb3 21. Re2
Bxc2 22. Rxc2 Rd1# 0-1

[Event "Junior Online 4NCL Division 5"]
[Site "online"]
[Date "2020.05.21"]
[Round "6.87"]
[White "Lakha, Haider"]
[Black "Chopra, Raashi"]
[Result "1-0"]
[WhiteElo "1112"]
[BlackElo "700"]
[PlyCount "49"]
[EventDate "2020.05.21"]
[WhiteTeam "MCS Niners"]
[BlackTeam "Uxbridge Juniors C"]

1. e4 e5 2. Nf3 Bc5 3. Nc3 Bb6 4. d4 Qe7 5. dxe5 Nc6 6. Nd5 Ba5+ 7. Bd2 Qd6 8.
exd6 cxd6 9. Bxa5 Nf6 10. Nc7+ Kd8 11. Nxa8+ Ke8 12. Nc7+ Ke7 13. Nd5+ Ke6 14.
Nxf6 gxf6 15. Qd5+ Ke7 16. Bc4 b6 17. Qxf7+ Kd8 18. Bb4 Nxb4 19. Rd1 Re8 20.
Rxd6 Nxc2+ 21. Kd2 Nd4 22. Nxd4 Rxe4 23. Ne6+ Rxe6 24. Bxe6 Bb7 25. Qxd7# 1-0

[Event "Junior Online 4NCL Division 5"]
[Site "online"]
[Date "2020.05.21"]
[Round "6.88"]
[White "Emanuel, Jason"]
[Black "Robinson, Jonas"]
[Result "0-1"]
[WhiteElo "737"]
[BlackElo "850"]
[PlyCount "86"]
[EventDate "2020.05.21"]
[WhiteTeam "Uxbridge Juniors C"]
[BlackTeam "MCS Niners"]

1. e4 e5 2. Nf3 Nc6 3. d4 d6 4. dxe5 dxe5 5. Bb5 Qxd1+ 6. Kxd1 Bd7 7. Ba4 Bc5
8. Ng5 Nf6 9. Nxf7 Kxf7 10. Bb3+ Be6 11. Bxe6+ Kxe6 12. Be3 Bxe3 13. fxe3 Rhd8+
14. Kc1 Nxe4 15. Nc3 Nxc3 16. bxc3 Rd7 17. Rf1 Rad8 18. e4 Rd2 19. Rf5 Rxg2 20.
h3 Rg1+ 21. Kb2 Rxa1 22. Kxa1 g6 23. Rxe5+ Nxe5 24. h4 h5 25. a3 Rd2 26. a4
Rxc2 27. c4 Rxc4 28. a5 Rxe4 29. Kb2 Re3 30. Ka2 c5 31. Kb2 c4 32. Kc2 b5 33.
a6 Kd5 34. Kd2 Kd4 35. Kc2 Rd3 36. Kb2 Nc6 37. Ka2 Na5 38. Kb2 Rc3 39. Ka2 Rb3
40. Ka1 c3 41. Ka2 c2 42. Ka1 c1=Q+ 43. Ka2 Qb2# 0-1

[Event "Junior Online 4NCL Division 5"]
[Site "online"]
[Date "2020.05.21"]
[Round "6.89"]
[White "Bhargava, Arnav"]
[Black "Kedikoglou, Elias"]
[Result "0-1"]
[WhiteElo "737"]
[BlackElo "1277"]
[PlyCount "24"]
[EventDate "2020.05.21"]
[WhiteTeam "Uxbridge Juniors C"]
[BlackTeam "MCS Niners"]

1. d4 d5 2. c4 Nf6 3. Nc3 e6 4. e3 Bd6 5. Nf3 Nc6 6. Bd3 Bd7 7. O-O Ng4 8. Re1
Bxh2+ 9. Nxh2 Nxh2 10. Bc2 Qh4 11. g3 Qh3 12. Qd3 Nf3# 0-1

[Event "Junior Online 4NCL Division 5"]
[Site "online"]
[Date "2020.05.21"]
[Round "6.90"]
[White "Yao, Rian"]
[Black "Sundararaju, Ritvik"]
[Result "1-0"]
[WhiteElo "1150"]
[BlackElo "737"]
[PlyCount "21"]
[EventDate "2020.05.21"]
[WhiteTeam "MCS Niners"]
[BlackTeam "Uxbridge Juniors C"]

1. e4 e5 2. Nf3 Nc6 3. Bb5 Nb8 4. d4 c6 5. Bc4 exd4 6. Qxd4 c5 7. Bxf7+ Kxf7 8.
Qd5+ Kf6 9. Bg5+ Kg6 10. Qf5+ Kh5 11. g4# 1-0

[Event "Junior Online 4NCL Division 5"]
[Site "online"]
[Date "2020.05.21"]
[Round "6.91"]
[White "Chopra, Raashi"]
[Black "Lakha, Haider"]
[Result "0-1"]
[WhiteElo "700"]
[BlackElo "1112"]
[PlyCount "44"]
[EventDate "2020.05.21"]
[WhiteTeam "Uxbridge Juniors C"]
[BlackTeam "MCS Niners"]

1. Nc3 e5 2. Nf3 Nf6 3. Nxe5 d5 4. Nf3 Nc6 5. d3 Bb4 6. a3 Bc5 7. e4 dxe4 8.
dxe4 Qxd1+ 9. Kxd1 O-O 10. Be3 Rd8+ 11. Kc1 Bxe3+ 12. fxe3 Bg4 13. Nd4 Nxd4 14.
exd4 Rxd4 15. h3 Bh5 16. g4 Nxg4 17. hxg4 Bxg4 18. Rg1 h5 19. Bg2 Rad8 20. Re1
Rd2 21. Nd1 Rxd1+ 22. Rxd1 Rxd1# 0-1

[Event "Junior Online 4NCL Division 5"]
[Site "online"]
[Date "2020.05.21"]
[Round "6.92"]
[White "Robinson, Jonas"]
[Black "Emanuel, Jason"]
[Result "1-0"]
[WhiteElo "850"]
[BlackElo "737"]
[PlyCount "31"]
[EventDate "2020.05.21"]
[WhiteTeam "MCS Niners"]
[BlackTeam "Uxbridge Juniors C"]

1. e4 Nc6 2. Nf3 d5 3. exd5 Nb4 4. Nc3 e6 5. dxe6 Bxe6 6. a3 Nxc2+ 7. Qxc2 Bb3
8. Qxb3 Bxa3 9. Qxa3 Qe7+ 10. Qxe7+ Kxe7 11. Nd5+ Ke6 12. Nxc7+ Kd7 13. Nxa8
Kc8 14. Ra3 Kb8 15. Rd3 Kxa8 16. Rd8# 1-0